000 01216cad a22002415a 4500
001 L142778
008 080310s2008 xxk f f000 0 eng d
035 _a(Sirsi) u142778
041 0 _aeng
050 0 4 _a621.31042 $2 18
100 1 _aGuile, Bill
245 0 0 _aData ducting infrastructure for new homes
_bguidance note
_h[electronic resource]
260 _aLondon
_bDCLG
_c2008
520 _aWritten for housing developers, this document provides practical guidance on the laying of ducting on development sites and within dwellings, for the later provision of data services by third parties. The guidance covers external infrastructure, internal infrastructure, duct conditions, sub ducting, ownership and stewardship, standards and regulations, and cable sizing assumptions.
521 2 _aAdvanced
590 _aKA
651 4 _aUnited Kingdom
_y
690 _aBUILT ENVIRONMENT-ENGINEERING-ELECTRICAL ENGINEERING
700 1 _aBarrow, John
710 1 _aUnited Kingdom
_bDepartment for Communities and Local Government
_94939
856 4 0 _uhttps://www.communities.gov.uk/documents/planningandbuilding/pdf/dataducting.pdf
_zView the guidance free of charge at www.communities.gov.uk...
942 _n0
999 _c107967
_d107967